[Event "4th Novi Sad it"]
[Site "Novi Sad"]
[Date "1975.10.05"]
[EventDate "1975.10.05"]
[Round "1.1"]
[White "Matulovic, Milan"]
[Black "Vukic, Milan"]
[Result "1/2-1/2"]
[WhiteElo "2530"]
[BlackElo "2450"]
[PlyCount "58"]
[Source "Perpetual Check"]

1. e4 Nf6 2. e5 Nd5 3. d4 d6 4. Nf3 Bg4 5. Be2 e6 6. c4 Nb6 7. exd6 cxd6 8.
Nbd2 Nc6 9. b3 Be7 10. Bb2 O-O 11. O-O Bf5 12. a3 a5 13. Re1 d5 14. c5 Nd7 15.
Nf1 e5 16. Ne3 Be4 17. Nxe5 Ndxe5 18. dxe5 Bxc5 19. Bd3 Re8 20. Bxe4 dxe4 21.
Qc2 Bxe3 22. Rxe3 Nxe5 23. Qxe4 Ng6 24. Qxe8+ Qxe8 25. Rxe8+ Rxe8 26. g3 Nf8
27. Rd1 f6 28. Bc3 b6 29. Rd5 Kf7 1/2-1/2

[Event "4th Novi Sad it"]
[Site "Novi Sad"]
[Date "1975.10.05"]
[EventDate "1975.10.05"]
[Round "1.2"]
[White "Baretic, Dragoljub"]
[Black "Ivkov, Borislav"]
[Result "1/2-1/2"]
[WhiteElo "2305"]
[BlackElo "2550"]
[PlyCount "20"]
[Source "Perpetual Check"]

1. e4 e5 2. Nf3 Nc6 3. Bb5 a6 4. Ba4 Nf6 5. O-O Be7 6. d4 exd4 7. e5 Ne4 8. b4
Nc3 9. Nxc3 dxc3 10. a3 O-O 1/2-1/2

[Event "4th Novi Sad it"]
[Site "Novi Sad"]
[Date "1975.10.05"]
[EventDate "1975.10.05"]
[Round "1.3"]
[White "Tarjan, James Edward"]
[Black "Buljovcic, Ivan"]
[Result "1-0"]
[WhiteElo "2480"]
[BlackElo "2435"]
[PlyCount "41"]
[Source "Perpetual Check"]

1. d4 d5 2. c4 dxc4 3. Nf3 Nf6 4. e3 e6 5. Bxc4 c5 6. O-O a6 7. a4 cxd4 8. exd4
Nc6 9. Nc3 Be7 10. Bg5 O-O 11. Re1 b6 12. d5 Nxd5 13. Nxd5 exd5 14. Qxd5 Bxg5
15. Qxg5 Bb7 16. Rad1 Qc7 17. Bd3 g6 18. Qh6 f5 19. Bc4+ Kh8 20. Be6 Rad8 21.
Rd7 1-0

[Event "4th Novi Sad it"]
[Site "Novi Sad"]
[Date "1975.10.05"]
[EventDate "1975.10.05"]
[Round "1.5"]
[White "Romanishin, Oleg"]
[Black "Garcia Gonzales, Guillermo"]
[Result "1-0"]
[WhiteElo "2485"]
[BlackElo "2485"]
[PlyCount "45"]
[Source "Perpetual Check"]

1. e4 c5 2. Nf3 e6 3. d4 cxd4 4. Nxd4 Nf6 5. Nc3 d6 6. Be3 a6 7. f4 Qc7 8. Qf3
b5 9. Bd3 Bb7 10. g4 Nc6 11. g5 Nd7 12. Qh3 Nxd4 13. Bxd4 b4 14. Ne2 e5 15. Be3
d5 16. O-O-O dxe4 17. Bc4 Rd8 18. Bxf7+ Kxf7 19. g6+ Ke7 20. fxe5 h6 21. Rd6
Qc4 22. Rhd1 Bc8 23. b3 1-0

[Event "4th Novi Sad it"]
[Site "Novi Sad"]
[Date "1975.10.05"]
[EventDate "1975.10.05"]
[Round "1.6"]
[White "Fichtl, Jiri"]
[Black "Miles, Anthony John"]
[Result "0-1"]
[WhiteElo "2390"]
[BlackElo "2435"]
[PlyCount "58"]
[Source "Perpetual Check"]

1. e4 c5 2. Nf3 d6 3. d4 cxd4 4. Nxd4 Nf6 5. Nc3 g6 6. Be3 Bg7 7. Be2 O-O 8. h4
h5 9. f3 Nc6 10. Qd2 d5 11. Nxc6 bxc6 12. Bh6 Bxh6 13. Qxh6 dxe4 14. Bc4 e6 15.
Rd1 Qb6 16. Bb3 a5 17. Qf4 exf3 18. gxf3 Nd5 19. Bxd5 exd5 20. Rd4 Qxb2 21. Kd2
Bf5 22. Rc1 Rfe8 23. Nd1 Qb7 24. Ne3 Be6 25. Qh6 c5 26. Rxd5 Bxd5 27. Nf5 Qb4+
28. c3 Qb2+ 29. Rc2 Re2+ 0-1

[Event "4th Novi Sad it"]
[Site "Novi Sad"]
[Date "1975.10.05"]
[EventDate "1975.10.05"]
[Round "1.7"]
[White "Ilijic, Milan"]
[Black "Balashov, Yury"]
[Result "1/2-1/2"]
[WhiteElo "2345"]
[BlackElo "2540"]
[PlyCount "126"]
[Source "Perpetual Check"]

1. c4 e5 2. g3 c6 3. Bg2 Nf6 4. d4 exd4 5. Qxd4 d5 6. Nf3 Be7 7. cxd5 cxd5 8.
O-O O-O 9. Nc3 Nc6 10. Qa4 Qb6 11. Qb5 Rd8 12. Qxb6 axb6 13. Nb5 Bc5 14. Bg5
Bf5 15. Nh4 Be6 16. Bxf6 gxf6 17. a3 Nd4 18. Nxd4 Bxd4 19. Rab1 Rac8 20. e3 Be5
21. f4 Bd6 22. f5 Bd7 23. Bxd5 Rc2 24. Rf2 Rc7 25. Rd2 Bc5 26. Kf2 Re8 27. Re1
b5 28. b4 Bb6 29. Rd3 Kg7 30. Re2 Bc8 31. g4 Rc1 32. Bf3 Bc7 33. h3 h5 34. gxh5
Kh6 35. Bg4 Rg8 36. Red2 Re8 37. Nf3 b6 38. Rd1 Rc4 39. Nd4 Re5 40. R1d2 Bb7
41. Nf3 Re7 42. Rd7 Rxd7 43. Rxd7 Rc2+ 44. Ke1 Bxf3 45. Bxf3 Bg3+ 46. Kd1 Rc3
47. Ra7 Rxe3 48. Be2 Be5 49. Bxb5 Bb2 50. a4 Rb3 51. Bc4 Rxb4 52. Bxf7 Rh4 53.
Kc2 Bd4 54. Kd3 Bf2 55. Bg6 Kg5 56. Ra8 Bc5 57. Rg8 Rd4+ 58. Kc2 Rh4 59. Kc3
Bb4+ 60. Kb3 Bc5 61. Rh8 Be3 62. Kc3 Bc5 63. Kd3 Bg1 1/2-1/2

[Event "4th Novi Sad it"]
[Site "Novi Sad"]
[Date "1975.10.05"]
[EventDate "1975.10.05"]
[Round "1.8"]
[White "Bojkovic, Slobodan"]
[Black "Notaros, Krasoje"]
[Result "1/2-1/2"]
[WhiteElo "2450"]
[BlackElo "2305"]
[PlyCount "85"]
[Source "Perpetual Check"]

1. e4 c5 2. Nf3 d6 3. d4 cxd4 4. Nxd4 Nf6 5. Nc3 a6 6. Bg5 e6 7. Qe2 Nbd7 8.
O-O-O Qc7 9. g4 b5 10. a3 Rb8 11. Bd2 Ne5 12. g5 Nfd7 13. h4 Nc5 14. Rh3 Be7
15. f4 Nc6 16. Nxc6 Qxc6 17. Bg2 Qb6 18. Na2 a5 19. Qe1 Ra8 20. b3 Bb7 21. Rg3
b4 22. a4 Rc8 23. Kb2 Qc6 24. Rc1 Nxe4 25. c3 Qd5 26. Bxe4 Qxe4 27. Qxe4 Bxe4
28. cxb4 Rxc1 29. Bxc1 axb4 30. Nxb4 Kd7 31. Rc3 h6 32. a5 hxg5 33. hxg5 Ra8
34. a6 d5 35. Nc6 Bd6 36. a7 d4 37. Nxd4 Rxa7 38. Nb5 Ra6 39. Nxd6 Rxd6 40. b4
Rb6 41. Kb3 Bd5+ 42. Ka4 Ra6+ 43. Kb5 1/2-1/2

[Event "4th Novi Sad it"]
[Site "Novi Sad"]
[Date "1975.10.06"]
[EventDate "1975.10.05"]
[Round "2.1"]
[White "Vukic, Milan"]
[Black "Notaros, Krasoje"]
[Result "1/2-1/2"]
[WhiteElo "2450"]
[BlackElo "2305"]
[PlyCount "48"]
[Source "Perpetual Check"]

1. Nf3 f5 2. d4 Nf6 3. g3 e6 4. Bg2 d5 5. O-O Bd6 6. b3 Qe7 7. c4 c6 8. Bb2 O-O
9. Qc1 Bd7 10. Ba3 Bxa3 11. Qxa3 Qxa3 12. Nxa3 Be8 13. Nc2 Bh5 14. Nb4 Nbd7 15.
Nd3 Rfe8 16. Rfd1 Bxf3 17. Bxf3 dxc4 18. bxc4 e5 19. Nxe5 Nxe5 20. dxe5 Rxe5
21. Rab1 Re7 22. Rb3 Rc8 23. Ra3 a6 24. Ra5 g6 1/2-1/2

[Event "4th Novi Sad it"]
[Site "Novi Sad"]
[Date "1975.10.06"]
[EventDate "1975.10.05"]
[Round "2.2"]
[White "Balashov, Yury"]
[Black "Bojkovic, Slobodan"]
[Result "1/2-1/2"]
[WhiteElo "2540"]
[BlackElo "2450"]
[PlyCount "23"]
[Source "Perpetual Check"]

1. d4 d5 2. c4 c6 3. Nf3 Nf6 4. Nc3 dxc4 5. a4 Bf5 6. e3 e6 7. Bxc4 Bb4 8. O-O
Nbd7 9. Qe2 Bg6 10. Rd1 O-O 11. Bd3 Bxd3 12. Qxd3 1/2-1/2

[Event "4th Novi Sad it"]
[Site "Novi Sad"]
[Date "1975.10.06"]
[EventDate "1975.10.05"]
[Round "2.3"]
[White "Miles, Anthony John"]
[Black "Ilijic, Milan"]
[Result "1/2-1/2"]
[WhiteElo "2435"]
[BlackElo "2345"]
[PlyCount "170"]
[Source "Perpetual Check"]

1. Nf3 g6 2. e4 Bg7 3. d4 d6 4. Bc4 Nf6 5. Qe2 c6 6. Bb3 O-O 7. O-O Qc7 8. e5
dxe5 9. dxe5 Nd5 10. Re1 Bg4 11. Nbd2 Nd7 12. h3 Bxf3 13. Nxf3 e6 14. c4 Ne7
15. Bg5 Rfe8 16. Rad1 h6 17. Bf4 g5 18. Bh2 Ng6 19. Bc2 Ndf8 20. Rd6 Qb6 21.
Bb1 a5 22. Rc1 Qc5 23. Qe4 a4 24. Re1 Qb4 25. Rd2 Ra5 26. Qd4 Rc5 27. Re4 Qa5
28. h4 gxh4 29. Rd1 Re7 30. Qe3 Rd7 31. Re1 b6 32. Rd4 Rxd4 33. Qxd4 Qb4 34.
Bd3 Ra5 35. Bf1 Ra7 36. a3 Qa5 37. Qe4 Rc7 38. Re3 Nd7 39. Nxh4 Ngxe5 40. Nf3
Nc5 41. Qf4 Nxf3+ 42. Rxf3 Rd7 43. Rg3 f5 44. Qxh6 Qe1 45. Qg6 Kf8 46. Re3 Qd1
47. Be5 Bxe5 48. Rxe5 Rg7 49. Qf6+ Kg8 50. Rxe6 Nxe6 51. Qxe6+ Rf7 52. Qxc6 Re7
53. Qg6+ Kf8 54. Qxf5+ Ke8 55. Qg6+ Kf8 56. Qf6+ Ke8 57. Qxb6 Re1 58. Qb5+ Ke7
59. c5 Qb3 60. Kh2 Rb1 61. c6 Qxb5 62. Bxb5 Kd6 63. Bxa4 Rxb2 64. Kg3 Ra2 65.
Bd1 Kxc6 66. a4 Ra1 67. Bh5 Ra3+ 68. Kh2 Kd7 69. Be2 Ke6 70. Bb5 Kf5 71. g3 Ra2
72. Kg2 Rd2 73. Kf3 Ra2 74. Bc6 Ra3+ 75. Ke2 Ke5 76. Bd7 Ke4 77. Kf1 Ra2 78.
Kg2 Rd2 79. Be6 Ke5 80. Bf7 Kf6 81. Bc4 Rc2 82. Bg8 Ke5 83. Bb3 Rb2 84. Bc4 Rc2
85. Bg8 Kf6 1/2-1/2

[Event "4th Novi Sad it"]
[Site "Novi Sad"]
[Date "1975.10.06"]
[EventDate "1975.10.05"]
[Round "2.4"]
[White "Garcia Gonzales, Guillermo"]
[Black "Fichtl, Jiri"]
[Result "1/2-1/2"]
[WhiteElo "2485"]
[BlackElo "2390"]
[PlyCount "77"]
[Source "Perpetual Check"]

1. Nf3 d5 2. c4 e6 3. g3 Nf6 4. Bg2 Be7 5. O-O O-O 6. d4 c6 7. Nbd2 Nbd7 8. Qc2
b6 9. e4 Bb7 10. e5 Ne8 11. cxd5 cxd5 12. Re1 Qc7 13. Qd3 a5 14. Nf1 Ba6 15.
Qd1 Rc8 16. Ne3 b5 17. h4 b4 18. Ng5 Qb7 19. Nh3 Nc7 20. Nf4 Rfe8 21. Qg4 f5
22. Qh3 Qb6 23. Rd1 Nf8 24. g4 fxg4 25. Qxg4 Bd8 26. a4 Re7 27. b3 Kh8 28. Bb2
Ne8 29. Rac1 Rxc1 30. Rxc1 Rc7 31. Rxc7 Nxc7 32. Bh3 Qc6 33. h5 Qd7 34. Qf3 Kg8
35. Ng4 Bg5 36. Qg3 Qf7 37. Bc1 h6 38. Be3 Ne8 39. Nd3 1/2-1/2

[Event "4th Novi Sad it"]
[Site "Novi Sad"]
[Date "1975.10.06"]
[EventDate "1975.10.05"]
[Round "2.6"]
[White "Buljovcic, Ivan"]
[Black "Deze, Anton"]
[Result "0-1"]
[WhiteElo "2435"]
[BlackElo "2380"]
[PlyCount "66"]
[Source "Perpetual Check"]

1. e4 c5 2. c3 b6 3. d4 Bb7 4. Nd2 cxd4 5. cxd4 Nf6 6. Bd3 Nc6 7. Qa4 e5 8.
Ngf3 exd4 9. Nxd4 Nxd4 10. Qxd4 Qc7 11. Nb3 Bd6 12. h3 O-O 13. O-O Rfe8 14. f3
Bh2+ 15. Kh1 Nh5 16. f4 Nxf4 17. Bxf4 Bxf4 18. Qf2 Be5 19. Qxf7+ Kh8 20. Rf2 g6
21. Raf1 Bg7 22. Bb5 Rad8 23. Rd2 Rxe4 24. Bxd7 Rf8 25. Qxf8+ Bxf8 26. Rxf8+
Kg7 27. Rf1 Qg3 28. Bg4 Re7 29. Kg1 h5 30. Bf3 Bxf3 31. Rxf3 Re1+ 32. Rf1 Qe3+
33. Rdf2 Re2 0-1

[Event "4th Novi Sad it"]
[Site "Novi Sad"]
[Date "1975.10.06"]
[EventDate "1975.10.05"]
[Round "2.7"]
[White "Ivkov, Borislav"]
[Black "Tarjan, James Edward"]
[Result "0-1"]
[WhiteElo "2550"]
[BlackElo "2480"]
[PlyCount "80"]
[Source "Perpetual Check"]

1. Nf3 Nf6 2. g3 g6 3. Bg2 Bg7 4. O-O O-O 5. d3 d6 6. e4 c5 7. c3 Nc6 8. Re1 e5
9. Nbd2 h6 10. a3 a5 11. d4 cxd4 12. cxd4 exd4 13. Nb3 Re8 14. Nfxd4 a4 15.
Nxc6 bxc6 16. Nd4 Bb7 17. e5 Rxe5 18. Nxc6 Rxe1+ 19. Qxe1 Qd7 20. Nb4 Bxg2 21.
Kxg2 Qb7+ 22. Kg1 Ng4 23. Qd1 Qe4 24. Bf4 Nxf2 25. Qd5 Nh3+ 26. Kf1 Qxd5 27.
Nxd5 Nxf4 28. gxf4 Bxb2 29. Ra2 Rb8 30. Ke2 Rb3 31. f5 gxf5 32. Ne7+ Kh7 33.
Nxf5 Bxa3 34. Kd1 Kg6 35. Ng3 f5 36. Ne2 Kf6 37. Kc2 Rh3 38. Kd1 Ke5 39. Ng3
Bc5 40. Rxa4 Rxh2 0-1

[Event "4th Novi Sad it"]
[Site "Novi Sad"]
[Date "1975.10.06"]
[EventDate "1975.10.05"]
[Round "2.8"]
[White "Matulovic, Milan"]
[Black "Baretic, Dragoljub"]
[Result "1-0"]
[WhiteElo "2530"]
[BlackElo "2305"]
[PlyCount "81"]
[Source "Perpetual Check"]

1. e4 e5 2. Nf3 Nf6 3. Nxe5 d6 4. Nf3 Nxe4 5. d4 d5 6. Bd3 Be7 7. O-O Bg4 8. h3
Bh5 9. c4 Nf6 10. cxd5 O-O 11. Nc3 Nxd5 12. Bxh7+ Kxh7 13. Ng5+ Bxg5 14. Qxh5+
Kg8 15. Bxg5 Qd7 16. Qf3 c6 17. Rfe1 f6 18. Bd2 Nxc3 19. bxc3 Na6 20. Re4 Nc7
21. Rh4 Qd5 22. Qd3 f5 23. Qg3 Ne6 24. Rh5 Rf6 25. Bf4 Nf8 26. Be5 Rg6 27. Rg5
Rxg5 28. Qxg5 Qf7 29. Re1 Re8 30. Re3 Re6 31. Rf3 g6 32. g4 Nh7 33. Qf4 Qe7 34.
gxf5 g5 35. Qg4 Rh6 36. f6 Qf7 37. Kf1 Nf8 38. h4 Rxh4 39. Qxg5+ Ng6 40. Rg3
Kh7 41. Qxh4+ 1-0

[Event "4th Novi Sad it"]
[Site "Novi Sad"]
[Date "1975.10.07"]
[EventDate "1975.10.05"]
[Round "3.1"]
[White "Baretic, Dragoljub"]
[Black "Vukic, Milan"]
[Result "0-1"]
[WhiteElo "2305"]
[BlackElo "2450"]
[PlyCount "126"]
[Source "Perpetual Check"]

1. e4 Nf6 2. d3 e5 3. f4 Nc6 4. Nf3 d5 5. exd5 Nxd5 6. fxe5 Bg4 7. Be2 Bxf3 8.
Bxf3 Qh4+ 9. g3 Qd4 10. Qe2 O-O-O 11. c3 Qxe5 12. O-O f6 13. d4 Qxe2 14. Bxe2
h5 15. Bf3 Nb6 16. Nd2 Re8 17. a4 Na5 18. b4 Nac4 19. Nb3 c6 20. Ra2 Kc7 21. a5
Nd5 22. Bxd5 cxd5 23. Rf5 Kc6 24. b5+ Kxb5 25. Rxd5+ Kc6 26. Rf5 Re1+ 27. Kf2
Rh1 28. Kf3 Be7 29. Re2 Rf1+ 30. Rf2 Rxf2+ 31. Kxf2 g6 32. d5+ Kd7 33. Rf4 Rc8
34. Ke2 Bd8 35. Kd3 Nxa5 36. Nxa5 Bxa5 37. Bb2 f5 38. c4 b5 39. cxb5 Rc5 40.
Bd4 Rxb5 41. Bxa7 Bc7 42. Rf2 Rxd5+ 43. Ke2 Ra5 44. Bd4 Ra4 45. Bb2 h4 46. Kf3
h3 47. Rd2+ Ke6 48. Re2+ Re4 49. Rxe4+ fxe4+ 50. Kg4 e3 51. Kf3 Kd5 52. Kxe3
Bxg3 53. Kf3 Bxh2 54. Bc1 Be5 55. Kf2 Ke4 56. Bg5 Kf5 57. Be7 Bf6 58. Bc5 g5
59. Kg1 g4 60. Bf2 Ke4 61. Kh1 Kf3 62. Be1 Bd4 63. Bg3 Be3 0-1

[Event "4th Novi Sad it"]
[Site "Novi Sad"]
[Date "1975.10.07"]
[EventDate "1975.10.05"]
[Round "3.2"]
[White "Tarjan, James Edward"]
[Black "Matulovic, Milan"]
[Result "0-1"]
[WhiteElo "2480"]
[BlackElo "2530"]
[PlyCount "80"]
[Source "Perpetual Check"]

1. d4 g6 2. e4 d6 3. c4 Bg7 4. Nc3 e5 5. dxe5 dxe5 6. Qxd8+ Kxd8 7. f4 Nc6 8.
Nf3 Bg4 9. fxe5 Bxf3 10. gxf3 Bxe5 11. Bg5+ Ke8 12. O-O-O Nd4 13. f4 Ne6 14.
fxe5 Nxg5 15. h4 Ne6 16. Nd5 c6 17. Ne3 Nc5 18. Bh3 a5 19. Ng4 Rd8 20. Nf6+
Nxf6 21. exf6 Nd3+ 22. Kc2 Nf2 23. Rxd8+ Kxd8 24. Rh2 Nxe4 25. Kb3 Re8 26. Kc2
Nxf6 27. Rd2+ Ke7 28. a3 h5 29. b4 axb4 30. axb4 Ng4 31. c5 Ne5 32. Bg2 Rd8 33.
Re2 Ke6 34. b5 Rd4 35. bxc6 bxc6 36. Kb3 Kf5 37. Rf2+ Rf4 38. Bh3+ Ng4 39.
Rxf4+ Kxf4 40. Bg2 Ne5 0-1

[Event "4th Novi Sad it"]
[Site "Novi Sad"]
[Date "1975.10.07"]
[EventDate "1975.10.05"]
[Round "3.3"]
[White "Deze, Anton"]
[Black "Ivkov, Borislav"]
[Result "1/2-1/2"]
[WhiteElo "2380"]
[BlackElo "2550"]
[PlyCount "32"]
[Source "Perpetual Check"]

1. c4 d6 2. Nc3 Nf6 3. d4 e5 4. dxe5 dxe5 5. Qxd8+ Kxd8 6. Nf3 Nbd7 7. h3 c6 8.
g4 h6 9. Bg2 Bb4 10. Bd2 Re8 11. O-O-O a5 12. Nh4 Kc7 13. Nf5 Bf8 14. Be3 a4
15. Kc2 Nb6 16. b3 axb3+ 1/2-1/2

[Event "4th Novi Sad it"]
[Site "Novi Sad"]
[Date "1975.10.07"]
[EventDate "1975.10.05"]
[Round "3.4"]
[White "Romanishin, Oleg"]
[Black "Buljovcic, Ivan"]
[Result "1-0"]
[WhiteElo "2485"]
[BlackElo "2435"]
[PlyCount "83"]
[Source "Perpetual Check"]

1. e4 c5 2. Nf3 d6 3. Bb5+ Nd7 4. c4 Ngf6 5. Nc3 g6 6. d3 Bg7 7. O-O O-O 8. Ba4
e5 9. a3 Ne8 10. b4 h6 11. Nd5 Nc7 12. Bxd7 Bxd7 13. bxc5 dxc5 14. Bb2 Bg4 15.
h3 Bxf3 16. Qxf3 Nxd5 17. exd5 e4 18. Qe2 exd3 19. Qd2 b5 20. Bxg7 Kxg7 21.
Rad1 bxc4 22. Qc3+ Qf6 23. Qxc4 Rac8 24. Rxd3 Rfd8 25. Rb1 Rc7 26. g3 h5 27.
Kg2 Qe5 28. Rbd1 Qd6 29. Rf3 Re7 30. Qc3+ Kg8 31. Qa5 Qb6 32. Qd2 Qd6 33. Qa5
Qb6 34. Qa4 Red7 35. Qe4 Qb7 36. Rfd3 Rd6 37. Qc4 Qc7 38. g4 hxg4 39. hxg4 Re8
40. Rh1 Qe7 41. Re3 Qf8 42. Qc3 1-0

[Event "4th Novi Sad it"]
[Site "Novi Sad"]
[Date "1975.10.07"]
[EventDate "1975.10.05"]
[Round "3.6"]
[White "Ilijic, Milan"]
[Black "Garcia Gonzales, Guillermo"]
[Result "1-0"]
[WhiteElo "2345"]
[BlackElo "2485"]
[PlyCount "83"]
[Source "Perpetual Check"]

1. c4 Nf6 2. g3 g6 3. Bg2 Bg7 4. Nc3 O-O 5. Nf3 d5 6. cxd5 Nxd5 7. d4 c5 8. O-O
Nxc3 9. bxc3 Nc6 10. e3 Bf5 11. Nh4 Bd7 12. Ba3 cxd4 13. cxd4 Na5 14. Rb1 Rb8
15. Qd3 a6 16. Rfc1 Bb5 17. Rxb5 axb5 18. Qxb5 Re8 19. Bc5 b6 20. Bb4 e6 21.
Nf3 Bf8 22. Bxf8 Rxf8 23. Ne5 Rc8 24. Rb1 Re8 25. Bf1 Re7 26. a4 f6 27. Nd3 Nc4
28. Rb4 Nd2 29. Qxb6 Qd5 30. Bg2 Qh5 31. h4 Qd1+ 32. Kh2 Nf1+ 33. Bxf1 Qxf1 34.
Rb3 Kf7 35. Qb5 Rc1 36. Nxc1 Qxf2+ 37. Kh3 Qg1 38. Qc6 g5 39. hxg5 fxg5 40.
Qf3+ Kg7 41. Ne2 Qd1 42. Rb5 1-0

[Event "4th Novi Sad it"]
[Site "Novi Sad"]
[Date "1975.10.07"]
[EventDate "1975.10.05"]
[Round "3.7"]
[White "Bojkovic, Slobodan"]
[Black "Miles, Anthony John"]
[Result "1-0"]
[WhiteElo "2450"]
[BlackElo "2435"]
[PlyCount "61"]
[Source "Perpetual Check"]

1. e4 c5 2. Nf3 d6 3. d4 cxd4 4. Nxd4 Nf6 5. Nc3 g6 6. Be3 Bg7 7. Be2 Nc6 8.
Nb3 Be6 9. f4 O-O 10. g4 Na5 11. g5 Nd7 12. h4 Rc8 13. Bd4 f6 14. h5 Bf7 15.
hxg6 hxg6 16. Qd3 e5 17. fxe5 dxe5 18. Bg1 Be6 19. gxf6 Bxf6 20. Qg3 Kg7 21.
Be3 Nxb3 22. axb3 Rh8 23. O-O-O Bh4 24. Qg2 Qa5 25. Kb1 Bf6 26. Rdg1 Bf7 27.
Bg4 Qc7 28. Bf5 Rxh1 29. Rxh1 Rh8 30. Rxh8 Kxh8 31. Qh3+ 1-0

[Event "4th Novi Sad it"]
[Site "Novi Sad"]
[Date "1975.10.07"]
[EventDate "1975.10.05"]
[Round "3.8"]
[White "Notaros, Krasoje"]
[Black "Balashov, Yury"]
[Result "0-1"]
[WhiteElo "2305"]
[BlackElo "2540"]
[PlyCount "64"]
[Source "Perpetual Check"]

1. Nf3 Nf6 2. g3 g6 3. Bg2 Bg7 4. O-O O-O 5. c4 d5 6. cxd5 Nxd5 7. Nc3 Nc6 8.
Nxd5 Qxd5 9. d3 Qb5 10. Rb1 a5 11. Be3 Rd8 12. Qc1 Be6 13. b3 Nb4 14. Qxc7 Nxa2
15. Ng5 Bd5 16. Bxd5 Qxd5 17. Bd2 h6 18. Nf3 Rdc8 19. Qf4 Nc3 20. Bxc3 Rxc3 21.
Nd2 b5 22. Qf3 Qxf3 23. Nxf3 a4 24. bxa4 bxa4 25. d4 a3 26. e3 a2 27. Ra1 e6
28. Rfd1 Bf8 29. Rd2 Rca3 30. Rb2 R8a4 31. Nd2 f5 32. Rb8 Rb4 0-1

[Event "4th Novi Sad it"]
[Site "Novi Sad"]
[Date "1975.10.08"]
[EventDate "1975.10.05"]
[Round "4.1"]
[White "Vukic, Milan"]
[Black "Balashov, Yury"]
[Result "1/2-1/2"]
[WhiteElo "2450"]
[BlackElo "2540"]
[PlyCount "28"]
[Source "Perpetual Check"]

1. Nf3 Nf6 2. g3 d5 3. Bg2 c6 4. b3 Bg4 5. Bb2 Nbd7 6. d3 e6 7. Nbd2 Bd6 8. O-O
Qe7 9. a3 O-O 10. Qe1 a5 11. e4 e5 12. h3 Bxf3 13. Nxf3 dxe4 14. dxe4 Rfe8
1/2-1/2

[Event "4th Novi Sad it"]
[Site "Novi Sad"]
[Date "1975.10.08"]
[EventDate "1975.10.05"]
[Round "4.2"]
[White "Miles, Anthony John"]
[Black "Notaros, Krasoje"]
[Result "1-0"]
[WhiteElo "2435"]
[BlackElo "2305"]
[PlyCount "121"]
[Source "Perpetual Check"]

1. c4 f5 2. g3 Nf6 3. Bg2 e6 4. Nf3 Be7 5. O-O O-O 6. Nc3 d6 7. d3 Nc6 8. Rb1
a5 9. a3 Qe8 10. b4 axb4 11. axb4 Qh5 12. b5 Nd8 13. e3 Nf7 14. Nd4 Ng4 15. h3
e5 16. Nd5 Bd8 17. Nxf5 Bxf5 18. e4 Bd7 19. hxg4 Bxg4 20. f3 Bd7 21. f4 Bg4 22.
Bf3 Ra2 23. Bb2 Nh6 24. Ne3 Qh3 25. Bxg4 Qxg3+ 26. Kh1 Qxe3 27. Be6+ Nf7 28.
Rf3 Qc5 29. fxe5 Rxb2 30. Rxb2 Qxe5 31. Rxf7 Qxe6 32. Rxf8+ Kxf8 33. Rf2+ Bf6
34. Qh5 h6 35. Qf5 Ke7 36. Kg2 Qxf5 37. exf5 Bd4 38. Re2+ Kf6 39. Re6+ Kxf5 40.
Re7 b6 41. Rxc7 h5 42. Rf7+ Bf6 43. Rf8 Ke6 44. Kf3 g5 45. Rb8 g4+ 46. Ke4 h4
47. Kf4 g3 48. Kf3 Bd4 49. Re8+ Kd7 50. Re4 Bf6 51. d4 Bd8 52. d5 Bf6 53. Re6
Bd8 54. Rg6 Kc7 55. Rg7+ Kc8 56. Kg2 Kb8 57. Rd7 Bc7 58. Kh3 Kc8 59. Rh7 Bd8
60. Rg7 Bf6 61. Rg6 1-0

[Event "4th Novi Sad it"]
[Site "Novi Sad"]
[Date "1975.10.08"]
[EventDate "1975.10.05"]
[Round "4.3"]
[White "Garcia Gonzales, Guillermo"]
[Black "Bojkovic, Slobodan"]
[Result "1-0"]
[WhiteElo "2485"]
[BlackElo "2450"]
[PlyCount "79"]
[Source "Perpetual Check"]

1. d4 d5 2. c4 c6 3. Nf3 Nf6 4. Nc3 dxc4 5. a4 Bf5 6. e3 e6 7. Bxc4 Bb4 8. O-O
Nbd7 9. Qe2 Bg6 10. Rd1 O-O 11. Bd3 Bxd3 12. Qxd3 Qe7 13. Qc4 a5 14. e4 e5 15.
Bg5 h6 16. Bh4 Rfe8 17. Rd3 exd4 18. Rxd4 g5 19. Bg3 Nb6 20. Qb3 c5 21. Rdd1 c4
22. Qc2 Nxe4 23. Re1 f5 24. Be5 Nd7 25. Bd4 Rac8 26. Nd2 Ndf6 27. Bxf6 Qxf6 28.
Ndxe4 fxe4 29. Nxe4 Qf5 30. Re3 Re6 31. Rd1 Kh8 32. Qe2 Rce8 33. Rd4 b6 34.
Rxc4 Rd8 35. g4 Qd5 36. b3 Qd1+ 37. Qxd1 Rxd1+ 38. Kg2 Rd7 39. Rc8+ Kh7 40.
Nxg5+ 1-0

[Event "4th Novi Sad it"]
[Site "Novi Sad"]
[Date "1975.10.08"]
[EventDate "1975.10.05"]
[Round "4.5"]
[White "Buljovcic, Ivan"]
[Black "Fichtl, Jiri"]
[Result "1/2-1/2"]
[WhiteElo "2435"]
[BlackElo "2390"]
[PlyCount "31"]
[Source "Perpetual Check"]

1. e4 e6 2. d4 d5 3. Nd2 dxe4 4. Nxe4 Qd5 5. Bd3 Nf6 6. Nxf6+ gxf6 7. Nf3 Rg8
8. O-O Qh5 9. Bf4 Bd6 10. Bg3 Nc6 11. c3 Bd7 12. Nd2 Qxd1 13. Raxd1 Bxg3 14.
hxg3 f5 15. Nf3 Ke7 16. Rfe1 1/2-1/2

[Event "4th Novi Sad it"]
[Site "Novi Sad"]
[Date "1975.10.08"]
[EventDate "1975.10.05"]
[Round "4.6"]
[White "Ivkov, Borislav"]
[Black "Romanishin, Oleg"]
[Result "1/2-1/2"]
[WhiteElo "2550"]
[BlackElo "2485"]
[PlyCount "60"]
[Source "Perpetual Check"]

1. d4 Nf6 2. c4 e6 3. Nf3 b6 4. g3 Bb4+ 5. Bd2 a5 6. Bg2 O-O 7. O-O Ba6 8. Ne5
Ra7 9. Bxb4 axb4 10. a3 Bc8 11. Nd3 bxa3 12. Nxa3 Bb7 13. Bxb7 Rxb7 14. Nb5 d5
15. cxd5 Qxd5 16. Qa4 c6 17. Nc3 Qh5 18. Kg2 c5 19. dxc5 bxc5 20. Qc4 Nbd7 21.
Ra5 Qg4 22. Ra4 Qh5 23. Ra5 Qg4 24. b3 Qxc4 25. bxc4 Rc8 26. Nb5 Ne8 27. Rfa1
Nb6 28. Na7 Rcc7 29. Nb5 Rc8 30. Na7 Rcc7 1/2-1/2

[Event "4th Novi Sad it"]
[Site "Novi Sad"]
[Date "1975.10.08"]
[EventDate "1975.10.05"]
[Round "4.7"]
[White "Matulovic, Milan"]
[Black "Deze, Anton"]
[Result "1/2-1/2"]
[WhiteElo "2530"]
[BlackElo "2380"]
[PlyCount "36"]
[Source "Perpetual Check"]

1. e4 c5 2. Nf3 Nc6 3. d4 cxd4 4. Nxd4 g6 5. c4 Nf6 6. Nc3 Nxd4 7. Qxd4 d6 8.
f3 Bg7 9. Be3 O-O 10. Qd2 Be6 11. Rc1 Qa5 12. Be2 Rfc8 13. b3 a6 14. Na4 Qxd2+
15. Kxd2 Nd7 16. Rc2 Rc6 17. Rhc1 Nc5 18. Nxc5 dxc5 1/2-1/2

[Event "4th Novi Sad it"]
[Site "Novi Sad"]
[Date "1975.10.08"]
[EventDate "1975.10.05"]
[Round "4.8"]
[White "Baretic, Dragoljub"]
[Black "Tarjan, James Edward"]
[Result "1-0"]
[WhiteElo "2305"]
[BlackElo "2480"]
[PlyCount "83"]
[Source "Perpetual Check"]

1. e4 c5 2. Nf3 d6 3. d4 cxd4 4. Nxd4 Nf6 5. Nc3 g6 6. f4 Nc6 7. Nxc6 bxc6 8.
e5 Nd7 9. exd6 exd6 10. Qd4 Nf6 11. Bd2 Bg7 12. Qe3+ Be6 13. Bd3 O-O 14. O-O
Ng4 15. Qg3 f5 16. Kh1 d5 17. Rae1 Qd6 18. Na4 Nf6 19. a3 a5 20. Bc3 d4 21. Bd2
Bd5 22. c4 Ne4 23. Bxe4 Bxe4 24. b4 d3 25. Nc5 Rfe8 26. Nb7 Qd4 27. Nxa5 Qb2
28. Bc1 Qc3 29. Rd1 c5 30. Rf2 cxb4 31. Bb2 Rxa5 32. Bxc3 bxc3 33. Rxd3 Bxd3
34. Qxd3 Re1+ 35. Rf1 Rxf1+ 36. Qxf1 c2 37. Qc1 h5 38. g3 Ra7 39. Qxc2 Rxa3 40.
c5 Rc3 41. Qa2+ Kh7 42. Qd5 1-0